Movie Posters Blurred - Statistics

General Stats
  • This quiz has been taken 124 times
  • The average score is 29 of 50
Answer Stats
Picture Answer % Correct
Jaws
96%
Frozen
94%
Toy Story
94%
Iron Man
92%
Avatar
91%
The Incredible Hulk
91%
Shrek
90%
Men In Black
89%
Peter Pan
87%
Up
87%
Ice Age
84%
Kill Bill Vol 1
83%
Avengers: Endgame
81%
Despicable Me
80%
King Kong
78%
How To Train Your Dragon
70%
Captain America: Civil War
69%
Guardians Of The Galaxy
68%
Jurassic Park
68%
Black Widow
67%
The Hangover
65%
Mrs Doubtfire
64%
Sister Act
64%
Wicked
63%
Maleficent
62%
Scream
61%
Free Willy
60%
Jurassic World
57%
Thor
56%
Bridget Jones's Diary
54%
Justice League
51%
Zombieland
51%
Peter Rabbit
50%
Atlantis: The Lost Empire
47%
Transformers
46%
Mad Max: Fury Road
45%
Miss Congeniality
44%
12 Years A Slave
42%
Rocketman
41%
The Suicide Squad
37%
Van Helsing
29%
Gone In 60 Seconds
24%
Coyote Ugly
23%
Pineapple Express
22%
Eternals
20%
The Other Guys
19%
Cowboys & Aliens
18%
The Italian Job
17%
Spy
12%
Watership Down
10%
No matching quizzes found
Score Distribution
Percent of People with Each Score
Percentile by Number Answered
Your Score History
You have not taken this quiz